Loading...
| Current Events | 2 | 10.00 | 50% | 50% | 0% |
| Fine Arts - Classical Music | 2 | 25.00 | 100% | 100% | 50% |
| Fine Arts - Other Fine Arts | 3 | 26.67 | 100% | 100% | 67% |
| Geography | 4 | 22.50 | 100% | 50% | 75% |
| History - American History | 8 | 17.50 | 100% | 63% | 13% |
| History - European History | 4 | 22.50 | 100% | 75% | 50% |
| History - Other History | 4 | 22.50 | 100% | 100% | 25% |
| History - World History | 5 | 18.00 | 80% | 80% | 20% |
| Literature - American Literature | 4 | 12.50 | 100% | 0% | 25% |
| Literature - British Literature | 4 | 20.00 | 100% | 75% | 25% |
| Literature - European Literature | 3 | 16.67 | 100% | 67% | 0% |
| Literature - World Literature | 1 | 30.00 | 100% | 100% | 100% |
| Mythology | 2 | 30.00 | 100% | 100% | 100% |
| Painting/Sculpture | 2 | 20.00 | 100% | 100% | 0% |
| Philosophy | 1 | 20.00 | 100% | 100% | 0% |
| Religion | 4 | 17.50 | 75% | 75% | 25% |
| Science - Biology | 5 | 18.00 | 80% | 80% | 20% |
| Science - Chemistry | 3 | 16.67 | 67% | 67% | 33% |
| Science - Other Science | 4 | 15.00 | 100% | 50% | 0% |
| Science - Physics | 5 | 20.00 | 100% | 80% | 20% |
| Social Science | 3 | 10.00 | 67% | 33% | 0% |